Workshop Technology Part 1 (Record no. 183093)

000 -LEADER
fixed length control field 00919 a2200181 4500
003 - CONTROL NUMBER IDENTIFIER
control field Nust
005 - DATE AND TIME OF LATEST TRANSACTION
control field 20230912090518.0
040 ## - CATALOGING SOURCE
Transcribing agency Nust
082 ## - DEWEY DECIMAL CLASSIFICATION NUMBER
Classification number 600,CHA
100 ## - MAIN ENTRY--PERSONAL NAME
Personal name Chapman, W. A. J.
245 ## - TITLE STATEMENT
Title Workshop Technology Part 1
Remainder of title an introductory course
Statement of responsibility, etc. by W. A. J. Chapman.
250 ## - EDITION STATEMENT
Edition statement 5th ed
260 ## - PUBLICATION, DISTRIBUTION, ETC.
Place of publication, distribution, etc. London,
Name of publisher, distributor, etc. E. Arnold & co.
Date of publication, distribution, etc. 1972]
300 ## - PHYSICAL DESCRIPTION
Extent 410p
Other physical details diagrs., form. 19 cm.
505 ## - FORMATTED CONTENTS NOTE
Formatted contents note Introduction Material Iron And Steel (Page-1),The Properties And Treatment Of Iron And Steel (Page-31),Non-Ferrous Metals And Alloys (Page-59),Heat Processes Forging Riveting (Page-91),Power Safety And Care (Page-129), Metal Cutting (Page-167),Checking And Measurements (Page-194),The Bench, Flat Surface (Page-229), Marking Out Drilling Screwing(Page-255),Introduction To The Lathe (Page-295),Chuck Work (Page-330),The Shaping Machine (Page-367).
650 ## - SUBJECT ADDED ENTRY--TOPICAL TERM
Topical term or geographic name entry element Workshop Technology
9 (RLIN) 62971
942 ## - ADDED ENTRY ELEMENTS (KOHA)
Source of classification or shelving scheme
Koha item type Book
Holdings
Withdrawn status Lost status Source of classification or shelving scheme Damaged status Not for loan Permanent Location Current Location Shelving location Date acquired Full call number Barcode Date last seen Price effective from Koha item type Public note
          Military College of Signals (MCS) Military College of Signals (MCS) General Stacks 12/12/2016 600,CHA MCS6147 12/08/2016 12/12/2016 Book Almirah No.26, Shelf No.1
© 2023 Central Library, National University of Sciences and Technology. All Rights Reserved.